When hens begin to crow: gender and parliamentary politics in Uganda (Record no. 97)

MARC details
000 -LEADER
fixed length control field 00592nam a2200193Ia 4500
003 - CONTROL NUMBER IDENTIFIER
control field OSt
005 - DATE AND TIME OF LATEST TRANSACTION
control field 20250710123729.0
008 - FIXED-LENGTH DATA ELEMENTS--GENERAL INFORMATION
fixed length control field 240428s9999||||xx |||||||||||||| ||und||
020 ## - INTERNATIONAL STANDARD BOOK NUMBER
International Standard Book Number 997002163X
041 ## - LANGUAGE CODE
Language code of text/sound track or separate title English
082 ## - DEWEY DECIMAL CLASSIFICATION NUMBER
Classification number 305.4T
100 ## - MAIN ENTRY--PERSONAL NAME
Personal name Tamale,Sylvia
245 #0 - TITLE STATEMENT
Title When hens begin to crow: gender and parliamentary politics in Uganda
260 ## - PUBLICATION, DISTRIBUTION, ETC.
Name of publisher, distributor, etc. Fountain Pubs.,
Place of publication, distribution, etc. Kampala :
Date of publication, distribution, etc. 1999.
300 ## - PHYSICAL DESCRIPTION
Extent xv, 248p.: diag.
650 ## - SUBJECT ADDED ENTRY--TOPICAL TERM
Topical term or geographic name entry element 1) Women in Politics- Uganda 2) Gender and Politics- Uganda 3) Gender and Parliamentary Politics- Uganda
942 ## - ADDED ENTRY ELEMENTS (KOHA)
Koha item type Books
Source of classification or shelving scheme Dewey Decimal Classification
Suppress in OPAC No
Holdings
Withdrawn status Lost status Source of classification or shelving scheme Damaged status Not for loan Home library Current library Shelving location Date acquired Total checkouts Full call number Date last seen Copy number Price effective from Koha item type
    Dewey Decimal Classification     Main Library Main Library Open Shelves 10/07/2025   305.4T 10/07/2025 1 10/07/2025 Books
©2026  Parliament of Ghana Library - All rights reserved